Služebníci temných sil /

Další historická detektivka, odehrávající se za panování Václava II., líčí pátrání urozeného šlechtice Tadeáše z Příhraz a jeho sluhy Vítka po nebezpečném protivníkovi, který se skrývá v hlubokých lesích, obklopujících královské město Nymburk.

Uloženo v:
Série:Tadeáš z Příhraz, část 8
Hlavní autor: Novotná, Martina, 1983- (Autor)
Médium: Kniha
Jazyk:Czech
Vydáno: Brno : MOBA, 2026
Vydání:Vydání první
Témata:
Celkem bylo vypůjčeno:0x
Příbuzné jednotky:Z cyklu:: Tadeáš z Příhraz
Tagy:
Žádné tagy
LEADER 02535nam a2200433 i 4500
001 106149
003 CZ PrNK
005 20260415125542.0
007 ta
008 260326s2026 xr g 000 f cze
015 |a cnb003722960 
020 |a 9788027924585  |q (vázáno) 
040 |a ABG001  |b cze  |e rda 
072 7 |a 821.162.3-3  |x Česká próza  |2 Konspekt  |9 25 
080 |a 821.162.3-31  |2 MRF 
080 |a (0:82-311.6)  |2 MRF 
080 |a (0:82-312.4)  |2 MRF 
100 1 |a Novotná, Martina,  |d 1983-  |7 xx0257330  |4 aut  |9 112011 
245 1 0 |a Služebníci temných sil /  |c Martina Novotná 
250 |a Vydání první 
264 1 |a Brno :  |b MOBA,  |c 2026 
300 |a 344 stran ;  |c 21 cm 
336 |a text  |b txt  |2 rdacontent 
337 |a bez média  |b n  |2 rdamedia 
338 |a svazek  |b nc  |2 rdacarrier 
500 |a Obálkový podnázev: historické krimi z doby Václava II. 
520 2 |a Další historická detektivka, odehrávající se za panování Václava II., líčí pátrání urozeného šlechtice Tadeáše z Příhraz a jeho sluhy Vítka po nebezpečném protivníkovi, který se skrývá v hlubokých lesích, obklopujících královské město Nymburk.  |b Tadeáš z Příhraz přijíždí do Sadské, aby se na přání samotného panovníka Václava II. ujal objasnění podivných úmrtí místních šlechticů. Nešťastné náhody se záhy mění v úkladné vraždy, kterých navíc přibývá. Tadeáš se proti své vůli dostává do víru mocenských bojů, kdy každý stojí proti každému. Vše se změní v momentě, kdy z nymburské fary beze stopy zmizí zdejší kněz otec Benedikt, důvěrný přítel pána z Příhraz. Ten se tak vrhá do nerovného boje s nebezpečným nepřítelem. Dokáže i tentokrát společně s Vítkem objasnit množství zločinů, nebo selže a přijde nejen o královu přízeň, ale i o duši, jako daň za pomoc krásné čarodějnice? Nakladatelská anotace. 
655 7 |a české romány  |7 fd133974  |2 czenas  |9 54031 
655 7 |a historické romány  |7 fd132414  |2 czenas  |9 53624 
655 7 |a detektivní romány  |7 fd132010  |2 czenas  |9 53536 
655 9 |a Czech fiction  |2 eczenas 
655 9 |a historical novels  |2 eczenas 
655 9 |a detective novels  |2 eczenas 
710 2 |a Nakladatelství MOBA  |7 ko2011627903  |4 pbl  |9 117207 
787 0 8 |i Z cyklu:  |t Tadeáš z Příhraz  |g 8 
910 |a UOG502 
942 |2 ddc  |c KN 
999 |d 106149 
993 |0 0  |1 421180106874  |2 ddc  |4 0  |7 0  |9 99463  |b 0  |c 106874  |d 2026-04-15  |e 0  |f DOSP  |h 399.00  |i Koupě  |l DOSP  |r 2026-04-15  |t 6  |w 2026-04-15  |y KN  |z KRIMI  |n